|
|
|
|
| LEADER |
00000nam0a2200000 4500 |
| 001 |
359912 |
| 005 |
20250211063212.0 |
| 035 |
|
|
|a (RuTPU)RU\TPU\retro\17218
|
| 035 |
|
|
|a RU\TPU\retro\17217
|
| 090 |
|
|
|a 359912
|
| 100 |
|
|
|a 20210206d1958 k y0rusy5003 ca
|
| 101 |
0 |
|
|a rus
|
| 102 |
|
|
|a RU
|
| 105 |
|
|
|a y z 001zy
|
| 200 |
1 |
|
|a Вып. XXX
|e [тематический сборник]
|f Московский энергетический институт ; под ред. В. А. Веникова
|
| 210 |
|
|
|a Москва
|a Ленинград
|c Госэнергоиздат
|d 1958
|
| 215 |
|
|
|a 313 с.
|c табл., ил.
|
| 225 |
1 |
|
|a Труды Московского энергетического института (МЭИ)
|v Вып. 30
|
| 320 |
|
|
|a Библиогр. в конце ст.
|
| 500 |
1 |
0 |
|a Труды Московского энергетического института
|9 88841
|
| 606 |
1 |
|
|a Гидроэлектростанции
|x Оборудование
|2 stltpush
|3 (RuTPU)RU\TPU\subj\74508
|9 86732
|
| 610 |
1 |
|
|a гидроэнергетические объекты
|
| 610 |
1 |
|
|a исследования
|
| 610 |
1 |
|
|a МЭИ
|
| 610 |
1 |
|
|a каскады
|
| 610 |
1 |
|
|a энергосистемы
|
| 610 |
1 |
|
|a устойчивость
|
| 610 |
1 |
|
|a электрическое моделирование
|
| 610 |
1 |
|
|a водобойные сооружения
|
| 610 |
1 |
|
|a ГЭС
|
| 610 |
1 |
|
|a защитные устройства
|
| 610 |
1 |
|
|a изоляция
|
| 610 |
1 |
|
|a слоистые сердечники
|
| 610 |
1 |
|
|a высокотемпературная сушка
|
| 610 |
1 |
|
|a давление газов
|
| 610 |
1 |
|
|a регистрирующие приборы
|
| 610 |
1 |
|
|a турбоустановки
|
| 610 |
1 |
|
|a тепловые схемы
|
| 610 |
1 |
|
|a ГЭС
|
| 610 |
1 |
|
|a турбулентный пограничный слой
|
| 610 |
1 |
|
|a приближенные расчеты
|
| 610 |
1 |
|
|a турбины
|
| 610 |
1 |
|
|a реконструкция
|
| 610 |
1 |
|
|a внутришлифовальные станки
|
| 675 |
|
|
|a 621.311.21.002.5
|
| 702 |
|
1 |
|a Веников
|b В. А.
|4 340
|
| 712 |
0 |
2 |
|a Московский энергетический институт
|c (1930-1992)
|3 (RuTPU)RU\TPU\col\20092
|9 27693
|
| 801 |
|
0 |
|a RU
|b 63413507
|c 19950704
|g psbo
|
| 801 |
|
1 |
|a RU
|b 63413507
|c 20060118
|g PSBO
|
| 801 |
|
2 |
|a RU
|b 63413507
|c 20210409
|g PSBO
|
| 942 |
|
|
|c BK
|